Reproducción y transmisión de la pobreza en Chile: un acercamiento cualitativo

Αποθηκεύτηκε σε:
Λεπτομέρειες βιβλιογραφικής εγγραφής
Κύριος συγγραφέας: Vial Peñailillo, Claudia (Συγγραφέας)
Μορφή: Βιβλίο
Γλώσσα:Ισπανικά
Έκδοση: Santiago MIDEPLAN 1998
Σειρά:Serie Población y Pobreza, 3
Θέματα:
Ετικέτες: Προσθήκη ετικέτας
Δεν υπάρχουν, Καταχωρήστε ετικέτα πρώτοι!

MARC

LEADER 00000nam a2200000 a 4500
001 UCP1988
003 CL-VaPUC
008 990430e19980300CL |||||||||||||||||spa|d
082 0 4 |a 339.46  |b VIA  |2 21 
100 0 |a Vial Peñailillo, Claudia  |e author  |9 428370 
245 1 0 |a Reproducción y transmisión de la pobreza en Chile: un acercamiento cualitativo 
300 |a 70 p 
942 |c BK 
945 |d 19990430 00:00:00  |a cmena 
260 |a Santiago  |b MIDEPLAN  |c 1998 
500 |a Proyecto Población y Pobreza para el Desarrollo de Políticas Públicas en Chile 
650 0 |a Pobreza  |9 258652 
650 0 |a Problemas sociales  |9 258537 
650 7 |a POLITICA DE DESARROLLO  |2 CL-VaPUC  |9 335853 
650 0 |a Política gubernamental  |9 262286 
583 |a last modification  |c 19990430 00:00:00  |k Rodrigo Vera 
490 0 |a Serie Población y Pobreza, 3 
999 |c 280601  |d 280599 
952 |0 0  |1 0  |4 0  |6 339_460000000000000_VIA_1998  |7 0  |8 A  |9 320991  |a BIBGIM  |b BIBGIM  |d 2019-11-20  |i 3444856  |o 339.46 VIA 1998  |p 3444856  |r 2025-01-15  |w 2019-11-20  |y BK  |k SSL